000 01168nmm a2200313 a 4500
001 ocm000584285
003 TR-IsHL
005 20201028122121.0
008 110704s2010 tu tur
007 cr cn
020 _a9786055715748
035 _a584285
_b(N$T)
050 0 4 _aDR396.S54
_bI45 2010
090 0 4 _aDR396.S54
_bI45 2010
100 1 _aİlimsever, Hidayet
245 1 0 _aArka bahçemiz Üsküp: örf, âdet, gelenek, dil, deyimler, atasözleri, tekerlemeler, maniler, hatıralar
_h[electronic resource] /
_cHidayet İlimsever ; H. Yıldırım Ağanoğlu
250 _a1. bs.
260 _aİstanbul :
_bBilge Kültür Sanat,
_c2010
300 _a208 p.
650 4 _aDil ve Edebiyat
650 4 _aLanguage and Literature
650 0 _aBalkan Yarımadası
_x Uygarlık
_x Türk etkileri
650 0 _aBalkan Peninsula
_x Civilization
_x Turkish influences
650 0 _aÜsküp (Makedonya)
650 0 _aSkopje (Macedonia)
650 7 _aSOCIAL SCIENCE / Ethnic Studies / General
_2bisacsh
700 1 _aAğanoğlu, H. Yıldırım
856 4 0 _uhttp://search.ebscohost.com/login.aspx?direct=true&scope=site&db=e011xww&AN=584285
999 _c1696
_d1696